Your guide to bowel cancer / (Record no. 730)

MARC details
000 -LEADER
fixed length control field 01499cam a22003857a 4500
001 - CONTROL NUMBER
control field 14913555
003 - CONTROL NUMBER IDENTIFIER
control field OSt
005 - DATE AND TIME OF LATEST TRANSACTION
control field 20141107164055.0
008 - FIXED-LENGTH DATA ELEMENTS--GENERAL INFORMATION
fixed length control field 070702s2007 enkaf 001 0 eng
010 ## - LIBRARY OF CONGRESS CONTROL NUMBER
LC control number 2007407904
015 ## - NATIONAL BIBLIOGRAPHY NUMBER
National bibliography number GBA635974
Source bnb
016 7# - NATIONAL BIBLIOGRAPHIC AGENCY CONTROL NUMBER
Record control number 013436859
Source Uk
020 ## - INTERNATIONAL STANDARD BOOK NUMBER
International Standard Book Number 9780340927465 (pbk.)
020 ## - INTERNATIONAL STANDARD BOOK NUMBER
International Standard Book Number 0340927461 (pbk.)
035 ## - SYSTEM CONTROL NUMBER
System control number (OCoLC)ocm65467949
040 ## - CATALOGING SOURCE
Original cataloging agency UKM
Transcribing agency UKM
Modifying agency BAKER
-- BWKUK
-- BTCTA
-- YDXCP
-- DLC
042 ## - AUTHENTICATION CODE
Authentication code lccopycat
050 00 - LIBRARY OF CONGRESS CALL NUMBER
Classification number RC280.I5
Item number N68 2007
082 04 - DEWEY DECIMAL CLASSIFICATION NUMBER
Classification number QZ 200 N75y 2007
Edition number 22
100 1# - MAIN ENTRY--PERSONAL NAME
Personal name Northover, John.
9 (RLIN) 1944
245 10 - TITLE STATEMENT
Title Your guide to bowel cancer /
Statement of responsibility, etc. John Northover, Joel Kettner, Barry Paraskeva.
246 3# - VARYING FORM OF TITLE
Title proper/short title Royal Society of Medicine your guide to bowel cancer
260 ## - PUBLICATION, DISTRIBUTION, ETC. (IMPRINT)
Place of publication, distribution, etc. London :
Name of publisher, distributor, etc. Hodder Arnold,
Date of publication, distribution, etc. 2007.
300 ## - PHYSICAL DESCRIPTION
Extent xvi, 223 p., [8] p. of plates :
Other physical details ill. (some col.) ;
Dimensions 20 cm.
500 ## - GENERAL NOTE
General note Includes index.
650 #0 - SUBJECT ADDED ENTRY--TOPICAL TERM
Topical term or geographic name as entry element Intestines
General subdivision Cancer
Form subdivision Popular works.
9 (RLIN) 1945
700 1# - ADDED ENTRY--PERSONAL NAME
Personal name Kettner, Joel D.
9 (RLIN) 1946
700 1# - ADDED ENTRY--PERSONAL NAME
Personal name Paraskeva, Barry.
9 (RLIN) 1947
710 2# - ADDED ENTRY--CORPORATE NAME
Corporate name or jurisdiction name as entry element Royal Society of Medicine (Great Britain)
9 (RLIN) 1948
856 41 - ELECTRONIC LOCATION AND ACCESS
Materials specified Table of contents only
Uniform Resource Identifier http://www.loc.gov/catdir/toc/fy0715/2007407904.html
856 42 - ELECTRONIC LOCATION AND ACCESS
Materials specified Publisher description
Uniform Resource Identifier http://www.loc.gov/catdir/enhancements/fy0737/2007407904-d.html
906 ## - LOCAL DATA ELEMENT F, LDF (RLIN)
a 7
b cbc
c copycat
d 2
e ncip
f 20
g y-gencatlg
942 ## - ADDED ENTRY ELEMENTS (KOHA)
Source of classification or shelving scheme Other/Generic Classification Scheme
Koha item type Short Loan
Holdings
Withdrawn status Lost status Source of classification or shelving scheme Damaged status Not for loan Home library Current library Date acquired Source of acquisition Inventory number Total Checkouts Full call number Barcode Date last seen Price effective from Koha item type
    Other/Generic Classification Scheme     MUST Main Library MUST Main Library 07/11/2014   2009/31199   QZ 200 N75y 2007 2014-3337 07/11/2014 07/11/2014 Short Loan